| 000 | 01368cam a22003254a 4500 | ||
|---|---|---|---|
| 001 | 12953783 | ||
| 003 | USPCAS-E | ||
| 005 | 20180118181412.0 | ||
| 008 | 021001s2003 caua 001 0 eng | ||
| 010 | _a 2002113842 | ||
| 020 | _a0782141811 CDROM | ||
| 040 |
_aDLC _cDLC _dDLC |
||
| 042 | _apcc | ||
| 050 | 0 | 0 |
_aQA76.3 _bD635 2003 |
| 082 | 0 | 0 |
_a005.4465 _222 _bDOC-S 2003 |
| 100 | 1 | _aDocter, Quentin. | |
| 245 | 1 | 0 |
_aSolaris 9 : _bSun certified system administrator study guide / _cQuentin Docter. |
| 260 |
_aSan Francisco : _bSybex, _cc2003. |
||
| 300 |
_axxxix, 597 p. : _bill. ; _c23 cm. + _e1 CD-ROM (4 3/4 in.) |
||
| 502 | _a0 | ||
| 630 | 0 | 0 | _aSolaris (Computer file) |
| 650 | 0 |
_aElectronic data processing personnel _xCertification. |
|
| 650 | 0 |
_aOperating systems (Computers) _xExaminations _vStudy guides. |
|
| 856 | 4 | 2 |
_3Contributor biographical information _uhttp://www.loc.gov/catdir/enhancements/fy0613/2002113842-b.html |
| 856 | 4 | 2 |
_3Publisher description _uhttp://www.loc.gov/catdir/enhancements/fy0613/2002113842-d.html |
| 856 | 4 | 1 |
_3Table of contents only _uhttp://www.loc.gov/catdir/enhancements/fy0613/2002113842-t.html |
| 906 |
_a7 _bcbc _corignew _d2 _eepcn _f20 _gy-gencatlg |
||
| 942 |
_2ddc _cBK |
||
| 999 |
_c355736 _d355736 |
||